000 00398nam a22001457a 4500
999 _c7647
_d7645
005 20210316154719.0
008 210316b ||||| |||| 00| 0 eng d
082 _a346.066
100 _aAIYAR, A.N.
_96466
245 _aCOMPANY CASES THE CORPORATE LAW WEEKLY [VOL- 131]
260 _aCHENNAI
_bCOMPANY LAW INSTITUTE OF INDIA
_c2006
300 _ai-xxxvii;848,p
650 _aLAW
_95701
942 _cJRL